Виртуализация как социальная трансформация и коммуникация; Известия Томского политехнического университета [Известия ТПУ]; Т. 316, № 6: Экономика. Философия, социология и культурология

Библиографические подробности
Источник:Известия Томского политехнического университета [Известия ТПУ]/ Томский политехнический университет (ТПУ).— , 2000-
Т. 316, № 6: Экономика. Философия, социология и культурология.— 2010.— [С. 141-146]
Главный автор: Моисеева А. П. Агнесса Петровна
Другие авторы: Мазурина О. А. Ольга Анатольевна, Перепелкин О. А. Олег Александрович
Примечания:Заглавие с титульного листа
Электронная версия печатной публикации
Проанализирован процесс виртуализации как комплекс социальных изменений основой которых является идеально-фантазийная, имажинативная реальность, сознательное и инженерно-сфокусированное конструирование условных феноменов. Рассмотрена виртуализация как особая форма социальной трансформации и коммуникации, которая носит инновационный характер.
Язык:русский
Опубликовано: 2010
Серии:Философия, социология и культурология
Предметы:
Online-ссылка:http://www.lib.tpu.ru/fulltext/v/Bulletin_TPU/2010/v316/i6/30.pdf
Формат: Электронный ресурс Статья
Запись в KOHA:https://koha.lib.tpu.ru/cgi-bin/koha/opac-detail.pl?biblionumber=187746

MARC

LEADER 00000nla2a2200000 4500
001 187746
005 20231214104315.0
035 |a (RuTPU)RU\TPU\book\203710 
035 |a RU\TPU\book\203709 
090 |a 187746 
100 |a 20101119d2010 k y0rusy50 ca 
101 0 |a rus 
102 |a RU 
135 |a drnn ---uucaa 
181 0 |a i  
182 0 |a b 
200 1 |a Виртуализация как социальная трансформация и коммуникация  |f А. П. Моисеева, О. А. Мазурина, О. А. Перепелкин 
203 |a Текст  |c электронный 
215 |a 1 файл (68 Кб) 
225 1 |a Философия, социология и культурология 
300 |a Заглавие с титульного листа 
300 |a Электронная версия печатной публикации 
320 |a [Библиогр.: с. 146 (12 назв.)] 
330 |a Проанализирован процесс виртуализации как комплекс социальных изменений основой которых является идеально-фантазийная, имажинативная реальность, сознательное и инженерно-сфокусированное конструирование условных феноменов. Рассмотрена виртуализация как особая форма социальной трансформации и коммуникации, которая носит инновационный характер. 
337 |a Adobe Reader 
461 1 |0 (RuTPU)RU\TPU\book\176237  |t Известия Томского политехнического университета [Известия ТПУ]  |f Томский политехнический университет (ТПУ)  |d 2000- 
463 1 |0 (RuTPU)RU\TPU\book\203561  |x 1684-8519  |t Т. 316, № 6: Экономика. Философия, социология и культурология  |v [С. 141-146]  |d 2010  |p 243 с. 
610 1 |a коммуникация 
610 1 |a информационное общество 
610 1 |a интеграция знаний 
610 1 |a синергия 
610 1 |a холизм 
610 1 |a виртуализация 
610 1 |a виртуальная реальность 
610 1 |a создание 
610 1 |a транснациональные предприятия 
610 1 |a глобализация 
610 1 |a труды учёных ТПУ 
610 1 |a электронный ресурс 
700 1 |a Моисеева  |b А. П.  |c российский ученый, философ  |c профессор кафедры культурологии и социальной коммуникации Томского политехнического университета, доктор философских наук  |f 1936-  |g Агнесса Петровна  |3 (RuTPU)RU\TPU\pers\19840 
701 1 |a Мазурина  |b О. А.  |c российский учёный в области организации высшего профессионального образования  |c доцент Томского политехнического университета  |g Ольга Анатольевна  |3 (RuTPU)RU\TPU\pers\27043  |9 12611 
701 1 |a Перепелкин  |b О. А.  |c российский ученый, специалист в области философии  |c аспирант Томского политехнического университета  |f 1968-  |g Олег Александрович  |3 (RuTPU)RU\TPU\pers\27138 
801 1 |a RU  |b 63413507  |c 20090623  |g PSBO 
801 2 |a RU  |b 63413507  |c 20211222  |g PSBO 
856 4 |u http://www.lib.tpu.ru/fulltext/v/Bulletin_TPU/2010/v316/i6/30.pdf 
942 |c CF